Determining water content in a liquid fuel by the luminosity of its droplet; Chemical Engineering Science; Vol. 233
| Parent link: | Chemical Engineering Science Vol. 233.— 2021.— [116415, 12 p.] |
|---|---|
| 1. Verfasser: | |
| Körperschaft: | |
| Weitere Verfasser: | , |
| Zusammenfassung: | Title screen In this research, an effective way to identify the grade of a typical liquid fuel or combustible liquid judging by the luminous intensity of a single droplet is offered. This method is based on comparing the luminosity of droplets under study illuminated by an impulse laser against reference values. The experiments feature droplets of typical fuels, a combustible liquid, and water at different heated air temperatures ranging from 20 to 500 °C. Water is used due to its popularity as an environmentally friendly additive to high-potential fuels. The experiments involved a non-contact optical diagnostic technique of Planar Laser Induced Fluorescence and two fluorophore types (Rhodamine 6G and Rhodamine B). The luminosity ranges of droplets of fuel-water compositions were experimentally determined for the first time. A number of approximations were obtained for typical combustible liquids, which make it possible to determine the percentage of water in a fuel. Режим доступа: по договору с организацией-держателем ресурса |
| Sprache: | Englisch |
| Veröffentlicht: |
2021
|
| Schlagworte: | |
| Online-Zugang: | https://doi.org/10.1016/j.ces.2020.116415 |
| Format: | MixedMaterials Elektronisch Buchkapitel |
| KOHA link: | https://koha.lib.tpu.ru/cgi-bin/koha/opac-detail.pl?biblionumber=664083 |
MARC
| LEADER | 00000naa0a2200000 4500 | ||
|---|---|---|---|
| 001 | 664083 | ||
| 005 | 20250425141028.0 | ||
| 035 | |a (RuTPU)RU\TPU\network\35267 | ||
| 035 | |a RU\TPU\network\33928 | ||
| 090 | |a 664083 | ||
| 100 | |a 20210326d2021 k||y0rusy50 ba | ||
| 101 | 0 | |a eng | |
| 135 | |a drcn ---uucaa | ||
| 181 | 0 | |a i | |
| 182 | 0 | |a b | |
| 200 | 1 | |a Determining water content in a liquid fuel by the luminosity of its droplet |f G. V. Kuznetsov, R. S. Volkov, P. A. Strizhak | |
| 203 | |a Text |c electronic | ||
| 300 | |a Title screen | ||
| 330 | |a In this research, an effective way to identify the grade of a typical liquid fuel or combustible liquid judging by the luminous intensity of a single droplet is offered. This method is based on comparing the luminosity of droplets under study illuminated by an impulse laser against reference values. The experiments feature droplets of typical fuels, a combustible liquid, and water at different heated air temperatures ranging from 20 to 500 °C. Water is used due to its popularity as an environmentally friendly additive to high-potential fuels. The experiments involved a non-contact optical diagnostic technique of Planar Laser Induced Fluorescence and two fluorophore types (Rhodamine 6G and Rhodamine B). The luminosity ranges of droplets of fuel-water compositions were experimentally determined for the first time. A number of approximations were obtained for typical combustible liquids, which make it possible to determine the percentage of water in a fuel. | ||
| 333 | |a Режим доступа: по договору с организацией-держателем ресурса | ||
| 461 | |t Chemical Engineering Science | ||
| 463 | |t Vol. 233 |v [116415, 12 p.] |d 2021 | ||
| 610 | 1 | |a электронный ресурс | |
| 610 | 1 | |a труды учёных ТПУ | |
| 610 | 1 | |a liquid fuel | |
| 610 | 1 | |a agents and additives | |
| 610 | 1 | |a fuel grade | |
| 610 | 1 | |a temperature field of droplet | |
| 610 | 1 | |a rhodamine 6G and rhodamine B fluorophores | |
| 610 | 1 | |a luminosity | |
| 610 | 1 | |a жидкое топливо | |
| 610 | 1 | |a агенты | |
| 610 | 1 | |a добавки | |
| 610 | 1 | |a яркость | |
| 700 | 1 | |a Kuznetsov |b G. V. |c Specialist in the field of heat power energy |c Professor of Tomsk Polytechnic University, Doctor of Physical and Mathematical Sciences |f 1949- |g Geny Vladimirovich |3 (RuTPU)RU\TPU\pers\31891 |9 15963 | |
| 701 | 1 | |a Volkov |b R. S. |c specialist in the field of power engineering |c Associate Professor of the Tomsk Polytechnic University, candidate of technical Sciences |f 1987- |g Roman Sergeevich |3 (RuTPU)RU\TPU\pers\33926 |9 17499 | |
| 701 | 1 | |a Strizhak |b P. A. |c Specialist in the field of heat power energy |c Doctor of Physical and Mathematical Sciences (DSc), Professor of Tomsk Polytechnic University (TPU) |f 1985- |g Pavel Alexandrovich |3 (RuTPU)RU\TPU\pers\30871 |9 15117 | |
| 712 | 0 | 2 | |a Национальный исследовательский Томский политехнический университет |b Инженерная школа энергетики |b Научно-образовательный центр И. Н. Бутакова (НОЦ И. Н. Бутакова) |3 (RuTPU)RU\TPU\col\23504 |
| 801 | 0 | |a RU |b 63413507 |c 20210326 |g RCR | |
| 850 | |a 63413507 | ||
| 856 | 4 | |u https://doi.org/10.1016/j.ces.2020.116415 | |
| 942 | |c CF | ||